[Event "XVII MetLife Najdorf Open 2017"]
[Site "Warsaw"]
[Date "2017.07.09"]
[Round "1.52"]
[White "Molenda, Marcin"]
[Black "Karwowski, Kacper"]
[Result "0-1"]
[WhiteElo "2419"]
[BlackElo "2221"]
[Annotator "ChessBase"]
[PlyCount "126"]
[EventDate "2017.??.??"]
[EventType "swiss"]
[EventCountry "POL"]
[SourceTitle "playchess.com"]
[Source "ChessBase"]
[SourceQuality "1"]
[TimeControl "40/5400+30:1800+30"]

1. d4 Nf6 2. Nf3 e6 3. g3 b6 4. Bg2 Bb7 5. O-O Be7 6. c4 O-O 7. Nc3 Ne4 8. Bd2 Bf6 9. Nxe4 Bxe4 10. Bc3 d5 11. Qb3 Nd7 12. Rfd1 c5 13. cxd5 Bxd5 14. Qc2 cxd4 15. Nxd4 Bxg2 16. Kxg2 Qc7 17. e4 Rfd8 18. Rac1 Bxd4 19. Rxd4 Nf6 20. f3 Rac8 21. Qd2 Rxd4 22. Qxd4 Rd8 23. Qe3 Qd7 24. Qe2 Ne8 25. Rc2 Qd3 26. Kf2 f6 27. Qxd3 Rxd3 28. Ke2 Rd7 29. a4 Kf7 30. Ke3 Nd6 31. Bb4 Nb7 32. Rc8 Kg6 33. f4 Nd8 34. h3 h5 35. Ba3 Nf7 36. Ra8 e5 37. Bf8 h4 38. f5+ Kh7 39. gxh4 g6 40. b4 gxf5 41. exf5 Nh6 42. Bxh6 Kxh6 43. b5 Rd4 44. Rxa7 Rxh4 45. Ra6 Kg5 46. Rxb6 Rxa4 47. Rb8 Kxf5 48. Kf2 Ra2+ 49. Kg3 Ra3+ 50. Kg2 Kf4 51. b6 Ra2+ 52. Kg1 Rb2 53. b7 e4 54. Rf8 Rxb7 55. Rxf6+ Ke3 56. Re6 Kf3 57. Rf6+ Ke2 58. Re6 e3 59. Kg2 Rg7+ 60. Kh2 Kf2 61. h4 Rg2+ 62. Kh3 Rg3+ 63. Kh2 Rf3 0-1

[Event "XVII MetLife Najdorf Open 2017"]
[Site "Warsaw"]
[Date "2017.07.09"]
[Round "1.53"]
[White "Zaleski, Lukasz"]
[Black "Das, Arghyadip"]
[Result "1/2-1/2"]
[WhiteElo "2220"]
[BlackElo "2416"]
[Annotator "TA"]
[PlyCount "62"]
[EventDate "2017.??.??"]
[EventType "swiss"]
[EventCountry "POL"]
[SourceTitle "playchess.com"]
[Source "ChessBase"]
[SourceQuality "1"]

{[%evp 24,62,43,44,40,23,39,28,42,0,0,0,18,-12,-2,-16,27,23,25,19,53,0,0,-43,-37,-42,-32,-41,-37,-36,-35,-35,-41,-51,-21,-51,0,-47,0,-65,0]} 1. e4 c5 2. Nf3 e6 3. d4 cxd4 4. Nxd4 Nc6 5. Nc3 Qc7 6. g3 a6 7. Bg2 Nf6 8. O-O Be7 9. Re1 d6 10. Nxc6 bxc6 11. e5 dxe5 12. Rxe5 O-O 13. Re1 Nd5 {B80: Sicilian Scheveningen: 6 g3 and 6 Be3, including English Attack} (13... Rd8 14. Qe2 Bb7 15. Bf4 Qb6 16. Na4 Qa5 17. b3 Nd5 18. Bd2 Bb4 19. Bxb4 Qxb4 20. Qe5 a5 21. c4 {1-0 (30) Blomqvist,E (2574)-Thorfinnsson,B (2453) chess.com INT 2017}) 14. Ne4 Rd8 15. Qe2 Bb7 {White has an edge.} 16. Bd2 $146 ({Predecessor:} 16. Bg5 Bxg5 17. Nxg5 h6 18. Ne4 c5 19. Rad1 Rac8 20. f4 Ne7 21. Qf2 {½-½ (30) Vasiesiu,D (2410)-Benkovic,P (2376) Bucharest 2000}) 16... c5 17. Ng5 {[%cal Be4g5,Bg5f3,Bf3e5,Be5g4][%mdl 32]} h6 18. Nf3 (18. Nxf7 $5 Kxf7 19. c4 $11 (19. Qxe6+ Kf8 $11)) 18... Bf6 19. Ne5 Nb6 {[%cal Bd5b6,Bb6a4,Ba4b2][%mdl 32] [#] And now ...Bxg2 would win.} 20. Bxb7 Qxb7 21. Ng4 Bg5 22. f4 ({White should try} 22. Bxg5 $14 hxg5 23. b3) 22... Be7 $11 23. Rad1 c4 24. Be3 Na4 25. Rxd8+ Rxd8 26. Qxc4 Nxb2 27. Qb3 Qb5 28. Ne5 Bf6 (28... Bb4 $5 {[%cal Rb4e1]} 29. Rf1 Bc5 $15) 29. Ng4 Be7 30. Ne5 Bf6 31. Ng4 Be7 {Precision: White = 47%, Black = 31%.} (31... Nc4 $15) 1/2-1/2

[Event "XVII MetLife Najdorf Open 2017"]
[Site "Warsaw"]
[Date "2017.07.09"]
[Round "1.54"]
[White "Barski, Radoslaw"]
[Black "Walter, Szymon"]
[Result "1-0"]
[WhiteElo "2402"]
[BlackElo "2220"]
[Annotator "ChessBase"]
[PlyCount "75"]
[EventDate "2017.??.??"]
[EventType "swiss"]
[EventCountry "POL"]
[SourceTitle "playchess.com"]
[Source "ChessBase"]
[SourceQuality "1"]
[TimeControl "40/5400+30:1800+30"]

1. e4 c5 2. Nf3 d6 3. Bb5+ Nc6 4. O-O Bd7 5. c3 Nf6 6. Re1 a6 7. Bf1 Bg4 8. d4 cxd4 9. cxd4 e5 10. d5 Nd4 11. Be3 Nxf3+ 12. gxf3 Bd7 13. Nd2 b5 14. b4 Nh5 15. a4 Be7 16. axb5 axb5 17. Rxa8 Qxa8 18. Qa1 O-O 19. Qxa8 Rxa8 20. Nb3 Nf4 21. Na5 Nh3+ 22. Kg2 Nf4+ 23. Bxf4 exf4 24. Nc6 Bd8 25. Nxd8 Rxd8 26. Ra1 Kf8 27. Ra7 Be8 28. Rb7 Rc8 29. Bxb5 Bxb5 30. Rxb5 Rc1 31. Rb7 Ke8 32. b5 h5 33. b6 Rb1 34. Kh3 g5 35. Kg2 Rb2 36. Rb8+ Ke7 37. b7 g4 38. Rh8 1-0

[Event "XVII MetLife Najdorf Open 2017"]
[Site "Warsaw"]
[Date "2017.07.09"]
[Round "1.55"]
[White "Bus, Konrad"]
[Black "Das, Sayantan"]
[Result "0-1"]
[WhiteElo "2219"]
[BlackElo "2399"]
[Annotator "ChessBase"]
[PlyCount "106"]
[EventDate "2017.??.??"]
[EventType "swiss"]
[EventCountry "POL"]
[SourceTitle "playchess.com"]
[Source "ChessBase"]
[SourceQuality "1"]
[TimeControl "40/5400+30:1800+30"]

1. Nf3 c5 2. c4 Nc6 3. Nc3 e5 4. e3 d6 5. d4 cxd4 6. exd4 Bg4 7. Be2 Nf6 8. Be3 Be7 9. h3 Bh5 10. d5 Nb8 11. g4 Bg6 12. c5 O-O 13. cxd6 Bxd6 14. Nh4 Ne4 15. Nxg6 Nxc3 16. bxc3 hxg6 17. Qb3 b6 18. Bb5 Nd7 19. g5 Rc8 20. h4 Bc5 21. Bd2 Bd6 22. h5 Nc5 23. Qd1 e4 24. Qg4 Be5 25. d6 Qxd6 26. hxg6 Rfd8 27. gxf7+ Kxf7 28. g6+ Ke7 29. Bg5+ Bf6 30. Rh7 Ne6 31. Bxf6+ Kxf6 32. Qh4+ Ng5 33. Be2 Qe5 34. Rb1 Rxc3 35. Rh5 Rh3 36. Qxh3 Nxh3 37. Rxe5 Kxe5 38. Rc1 Kd6 39. Bb5 Ng5 40. Rc6+ Ke5 41. Rc7 Nf3+ 42. Kf1 Rd1+ 43. Kg2 Rg1+ 44. Kh3 Rxg6 45. Rxa7 Kf4 46. Rf7+ Rf6 47. Rb7 Nd4 48. Bf1 Kf3 49. Bg2+ Kxf2 50. Bxe4 Rf4 51. Bg2 Nf5 52. Kh2 Rh4+ 53. Bh3 Nd4 0-1

[Event "XVII MetLife Najdorf Open 2017"]
[Site "Warsaw"]
[Date "2017.07.09"]
[Round "1.56"]
[White "Zherebtsova, Alexandra"]
[Black "Saeed, Ishaq"]
[Result "0-1"]
[WhiteElo "2219"]
[BlackElo "2428"]
[Annotator "TA"]
[PlyCount "70"]
[EventDate "2017.??.??"]
[EventType "swiss"]
[EventCountry "POL"]
[SourceTitle "playchess.com"]
[Source "ChessBase"]
[SourceQuality "1"]

{[%evp 20,70,0,0,97,102,77,100,77,47,85,34,47,39,45,22,20,0,254,264,259,218,222,254,250,252,252,204,541,158,152,151,150,0,137,9,13,0,0,0,0,0,0,-2485,-2379,-2280,-1131,-29990,-29991,-29996,-29997,-29997,-29998]} 1. d4 Nf6 2. Nf3 e6 3. c4 b6 4. a3 Bb7 5. Nc3 d5 6. cxd5 Nxd5 7. Qc2 c5 8. e4 Nxc3 9. bxc3 Be7 {E12: Queen's Indian: Unusual White 4th moves, 4 a3, 4 Nc3 Bb7 5 a3 and 4 Nc3 Bb7} 10. Bd3 Nc6 11. O-O {LiveBook: 4 Games} Rc8 (11... cxd4 $11 {remains equal.} 12. cxd4 O-O) 12. d5 $1 $16 {[%cal Rd5c6]} exd5 13. exd5 Qxd5 {[#]} 14. Be4 $146 (14. Re1 $5 {[%cal Rc1g5]}) ({Predecessor:} 14. Rd1 Rd8 15. Bg5 Qd6 16. Bb5 Qc7 17. Rxd8+ Kxd8 18. Rd1+ Ke8 19. Qe4 f6 20. Bf4 Qc8 21. Rd6 {1-0 (21) Jakovenko,D (2712)-Bologan,V (2654) Poikovsky 2016}) 14... Qh5 15. Re1 (15. Rd1 $16) 15... O-O $1 $14 16. Bxc6 $1 Rxc6 17. Rxe7 Rg6 18. Nh4 Rd8 $2 {[%mdl 8192]} (18... Re6 $1 $11 19. Rxe6 fxe6) 19. Be3 $18 Rgd6 {( -> ...Rd1+)} 20. Re1 Bc6 21. Bf4 Rd1 22. Bg3 g6 23. Qb3 g5 $2 (23... Qd5 {is more resistant.} 24. Qxd5 R8xd5) 24. Nf3 $2 (24. Nf5 $18 {is the precise move to win. aiming for Nh6+!} Kf8 25. c4) 24... Bxf3 $16 25. gxf3 Qxf3 {[#]} 26. R7e3 ({White should play} 26. Qc4 $1 $16) 26... Rxe1+ $1 $11 27. Rxe1 {And now Qa4 would win.} h5 $1 {[%cal Bh7h5,Bh5h4,Bh4h3][%mdl 32] ...h4 is the strong threat.} 28. Qb5 h4 $40 {[%mdl 128] Black is up to no good.} 29. Re8+ Rxe8 30. Qxe8+ Kh7 31. Be5 $2 {[%mdl 8192] [#]} (31. Bc7 $11) 31... h3 $1 $19 {[%csl Gh3][%cal Rf3g2]} 32. Qh8+ Kg6 {[%csl Gh3][%cal Rf3g2]} 33. Qg7+ Kh5 {[%csl Gh3][%cal Rf3g2] Black mates.} 34. Qh8+ Kg4 {[%csl Gh3][%cal Rf3g2]} 35. Qc8+ f5 {Precision: White = 41%, Black = 67%.} 0-1

[Event "XVII MetLife Najdorf Open 2017"]
[Site "Warsaw"]
[Date "2017.07.09"]
[Round "1.57"]
[White "Baltic, Fatih"]
[Black "Tomczak, Mikolaj"]
[Result "1/2-1/2"]
[WhiteElo "2210"]
[BlackElo "2395"]
[Annotator "ChessBase"]
[PlyCount "79"]
[EventDate "2017.??.??"]
[EventType "swiss"]
[EventCountry "POL"]
[SourceTitle "playchess.com"]
[Source "ChessBase"]
[SourceQuality "1"]
[TimeControl "40/5400+30:1800+30"]

1. e4 c5 2. Nf3 e6 3. d4 cxd4 4. Nxd4 Nf6 5. Bd3 Nc6 6. Nxc6 dxc6 7. O-O e5 8. Qe2 Bg4 9. f3 Bc5+ 10. Kh1 Be6 11. Nd2 Qe7 12. Bc4 O-O 13. Bxe6 Qxe6 14. Qc4 Qd6 15. Nb3 Bb6 16. Bd2 Rfd8 17. Bb4 Qc7 18. Rad1 Ne8 19. Bc5 Rd7 20. Rxd7 Qxd7 21. Qc3 Bc7 22. Be3 Rd8 23. Nc5 Qc8 24. Nd3 Qb8 25. Rd1 Bb6 26. Bxb6 axb6 27. Re1 Qa7 28. a3 f6 29. Qb3+ Kh8 30. f4 exf4 31. e5 Qa5 32. Qf7 h6 33. Qf8+ Kh7 34. exf6 Rxd3 35. b4 Qe5 36. Rg1 Rd7 37. f7 Nf6 38. Qg8+ Nxg8 39. f8=N+ Kh8 40. Ng6+ 1/2-1/2

[Event "XVII MetLife Najdorf Open 2017"]
[Site "Warsaw"]
[Date "2017.07.09"]
[Round "1.58"]
[White "Gumularz, Szymon"]
[Black "Szostko, Jakub"]
[Result "1/2-1/2"]
[WhiteElo "2391"]
[BlackElo "2208"]
[Annotator "ChessBase"]
[PlyCount "85"]
[EventDate "2017.??.??"]
[EventType "swiss"]
[EventCountry "POL"]
[SourceTitle "playchess.com"]
[Source "ChessBase"]
[SourceQuality "1"]
[TimeControl "40/5400+30:1800+30"]

1. d4 Nf6 2. c4 g6 3. Nf3 Bg7 4. g3 O-O 5. Bg2 d6 6. O-O Nc6 7. Nc3 a6 8. Bf4 Rb8 9. Rc1 b5 10. Nd5 Nh5 11. cxb5 Rxb5 12. Rxc6 Rxd5 13. Be3 Bb7 14. Rc4 Rb5 15. b3 Bd5 16. Rc2 Qb8 17. Qc1 Rc8 18. Bh3 e6 19. Nd2 Nf6 20. f3 Bb7 21. Bf2 Nd5 22. Nc4 Nb4 23. Rb2 Nc6 24. Rd2 Bh6 25. e3 Ne7 26. Qd1 Qa8 27. e4 Bxd2 28. Qxd2 d5 29. Ne5 dxe4 30. fxe4 Bxe4 31. Qf4 f5 32. Nd7 Qc6 33. Nf6+ Kg7 34. Qh4 Ng8 35. d5 Rxd5 36. Nxe4 fxe4 37. Qxe4 Qd6 38. Qxe6 Rf8 39. Qe3 Nf6 40. Qc3 Qe5 41. Qxe5 Rxe5 42. Rc1 Rf7 43. Rc6 1/2-1/2

[Event "XVII MetLife Najdorf Open 2017"]
[Site "Warsaw"]
[Date "2017.07.09"]
[Round "1.59"]
[White "Jaroch, Karol"]
[Black "Konguvel, Ponnuswamy"]
[Result "1/2-1/2"]
[WhiteElo "2207"]
[BlackElo "2388"]
[Annotator "ChessBase"]
[PlyCount "69"]
[EventDate "2017.??.??"]
[EventType "swiss"]
[EventCountry "POL"]
[SourceTitle "playchess.com"]
[Source "ChessBase"]
[SourceQuality "1"]
[TimeControl "40/5400+30:1800+30"]

1. e4 g6 2. f4 Bg7 3. Nf3 c5 4. Nc3 Nc6 5. Bb5 Nd4 6. Bc4 e6 7. e5 d5 8. Nxd4 cxd4 9. Bb5+ Bd7 10. Bxd7+ Qxd7 11. Ne2 f6 12. Nxd4 fxe5 13. fxe5 Bxe5 14. Qg4 O-O-O 15. Nf3 Nh6 16. Nxe5 Nxg4 17. Nxd7 Kxd7 18. d3 Rc8 19. h3 Ne5 20. Bf4 Nc6 21. Kd2 Rhf8 22. Rhf1 Rf5 23. g4 Rf7 24. Bh6 Ne5 25. Rxf7+ Nxf7 26. Be3 a6 27. Rf1 Ke7 28. b3 e5 29. c4 d4 30. Bf2 Rc6 31. Bg3 h5 32. g5 Re6 33. Re1 Kd6 34. h4 Nd8 35. b4 1/2-1/2

[Event "XVII MetLife Najdorf Open 2017"]
[Site "Warsaw"]
[Date "2017.07.09"]
[Round "1.60"]
[White "Skawinski, Arkadiusz"]
[Black "Godzwon, Iwo"]
[Result "1-0"]
[WhiteElo "2386"]
[BlackElo "2205"]
[Annotator "ChessBase"]
[PlyCount "67"]
[EventDate "2017.??.??"]
[EventType "swiss"]
[EventCountry "POL"]
[SourceTitle "playchess.com"]
[Source "ChessBase"]
[SourceQuality "1"]
[TimeControl "40/5400+30:1800+30"]

1. e4 c5 2. Nf3 Nc6 3. Bb5 d6 4. O-O Bd7 5. Re1 Nf6 6. c3 a6 7. Bc4 Bg4 8. d4 e6 9. h3 Bxf3 10. gxf3 d5 11. exd5 Nxd5 12. dxc5 Nc7 13. Qxd8+ Rxd8 14. b4 Be7 15. a3 Bf6 16. f4 Nd5 17. Bd2 O-O 18. Ra2 Nce7 19. Bf1 Ng6 20. Bg2 Rd7 21. Re4 Ndxf4 22. Rxf4 Nxf4 23. Bxf4 Rd1+ 24. Kh2 Rxb1 25. Bxb7 a5 26. c6 Bxc3 27. c7 axb4 28. Rc2 f6 29. Bd6 Re8 30. Bc6 Rc8 31. Bd7 Rxc7 32. Bxe6+ Rf7 33. axb4 Rd1 34. Rxc3 1-0

[Event "XVII MetLife Najdorf Open 2017"]
[Site "Warsaw"]
[Date "2017.07.09"]
[Round "1.61"]
[White "Aditya Mittal"]
[Black "Deszczynski, Adam"]
[Result "0-1"]
[WhiteElo "2203"]
[BlackElo "2380"]
[Annotator "ChessBase"]
[PlyCount "114"]
[EventDate "2017.??.??"]
[EventType "swiss"]
[EventCountry "POL"]
[SourceTitle "playchess.com"]
[Source "ChessBase"]
[SourceQuality "1"]
[TimeControl "40/5400+30:1800+30"]

1. d4 Nf6 2. c4 g6 3. Nc3 Bg7 4. e4 d6 5. Nf3 O-O 6. Be2 Na6 7. O-O e5 8. d5 Nc5 9. Qc2 a5 10. Bg5 h6 11. Be3 b6 12. Nd2 Bd7 13. b3 Nh5 14. Bxh5 gxh5 15. f3 f5 16. exf5 Bxf5 17. Nde4 Nxe4 18. Nxe4 Qe8 19. a3 Qg6 20. b4 axb4 21. axb4 h4 22. Rxa8 Rxa8 23. Kh1 Kh8 24. Rg1 Rg8 25. c5 bxc5 26. bxc5 Bf8 27. cxd6 cxd6 28. Qf2 Bxe4 29. fxe4 Qxe4 30. Qf3 Qg6 31. Qh3 Be7 32. Bf2 Qg4 33. Qxg4 Rxg4 34. Rb1 Bg5 35. Kg1 Ra4 36. Kf1 Ra5 37. Rd1 Rb5 38. h3 Kh7 39. g3 hxg3 40. Bxg3 Kg6 41. h4 Be3 42. Ke2 Bd4 43. Be1 h5 44. Rd3 Kf5 45. Rg3 Ke4 46. Rg5 Rb2+ 47. Kf1 Be3 48. Rxh5 Bf4 49. Rh7 Kf3 50. h5 e4 51. h6 Rh2 52. Kg1 Rxh6 53. Rf7 e3 54. Rf8 Rg6+ 55. Kh1 Rg4 56. Bb4 Kf2 57. Bxd6 Rh4# 0-1

[Event "XVII MetLife Najdorf Open 2017"]
[Site "Warsaw"]
[Date "2017.07.09"]
[Round "1.62"]
[White "Moehn, Hans"]
[Black "Dmochowska, Agnieszka"]
[Result "0-1"]
[WhiteElo "2380"]
[BlackElo "2202"]
[Annotator "ChessBase"]
[PlyCount "104"]
[EventDate "2017.??.??"]
[EventType "swiss"]
[EventCountry "POL"]
[SourceTitle "playchess.com"]
[Source "ChessBase"]
[SourceQuality "1"]
[TimeControl "40/5400+30:1800+30"]

1. Nf3 Nf6 2. g3 d5 3. Bg2 e6 4. O-O Be7 5. c4 dxc4 6. Na3 a6 7. Nxc4 b5 8. Nce5 O-O 9. d4 Bb7 10. Bd2 Nbd7 11. Rc1 Nxe5 12. dxe5 Nd5 13. Qc2 c5 14. Rfd1 Qc7 15. Bg5 Rac8 16. a3 h6 17. Bxe7 Nxe7 18. h4 c4 19. Qc3 Nd5 20. Qd4 Rfd8 21. Qg4 Ne7 22. Qf4 Nd5 23. Qg4 Nb6 24. Qf4 Na4 25. Rxd8+ Qxd8 26. g4 Bxf3 27. Bxf3 Qxh4 28. b3 Nb6 29. Qd4 Qd8 30. Qxd8+ Rxd8 31. bxc4 Nxc4 32. Bb7 Nxa3 33. Bxa6 b4 34. Rc6 Rb8 35. Bd3 g6 36. Kg2 b3 37. Rc3 Rb4 38. Kg3 Nb5 39. Rc8+ Kg7 40. Rb8 b2 41. Bb1 Rb3+ 42. e3 Nd4 43. Rc8 Ne2+ 44. Kg2 Nc3 45. Bc2 b1=Q 46. Bxb1 Nxb1 47. Rc5 Rc3 48. Ra5 Nd2 49. Kg3 Ne4+ 50. Kf3 Rc5 51. Ra4 Nc3 52. Ra3 Nb5 0-1

[Event "XVII MetLife Najdorf Open 2017"]
[Site "Warsaw"]
[Date "2017.07.09"]
[Round "1.64"]
[White "Raja Harshit"]
[Black "Jeet, Jain"]
[Result "1-0"]
[WhiteElo "2377"]
[BlackElo "2191"]
[Annotator "ChessBase"]
[PlyCount "83"]
[EventDate "2017.??.??"]
[EventType "swiss"]
[EventCountry "POL"]
[SourceTitle "playchess.com"]
[Source "ChessBase"]
[SourceQuality "1"]
[TimeControl "40/5400+30:1800+30"]

1. e4 e5 2. Nf3 Nc6 3. Bb5 a6 4. Ba4 Nf6 5. O-O b5 6. Bb3 Bc5 7. c3 d6 8. d4 Bb6 9. a4 Rb8 10. axb5 axb5 11. Na3 O-O 12. Nxb5 Bg4 13. Bc2 exd4 14. Nbxd4 Nxd4 15. cxd4 Bxf3 16. gxf3 Nh5 17. Be3 Qf6 18. Kh1 c5 19. e5 dxe5 20. dxc5 Bc7 21. Be4 Nf4 22. Bxf4 exf4 23. Qd7 Be5 24. c6 Rbd8 25. Qb7 Bxb2 26. Ra6 Rb8 27. Qa7 Rbc8 28. Rd1 Be5 29. Rd7 Rfd8 30. Ra5 Bb8 31. Qb7 Rxd7 32. Qxd7 Qd8 33. Bf5 Qxd7 34. Bxd7 Rd8 35. Ra8 Bc7 36. Ra7 Bb8 37. c7 Bxc7 38. Rxc7 g5 39. Rc8 Rxc8 40. Bxc8 Kg7 41. Kg2 Kf6 42. h4 1-0

[Event "XVII MetLife Najdorf Open 2017"]
[Site "Warsaw"]
[Date "2017.07.09"]
[Round "1.67"]
[White "Paramzina, Anastasya"]
[Black "Kaczmarek, Aleksander"]
[Result "0-1"]
[WhiteElo "2166"]
[BlackElo "2380"]
[Annotator "ChessBase"]
[PlyCount "188"]
[EventDate "2017.??.??"]
[EventType "swiss"]
[EventCountry "POL"]
[SourceTitle "playchess.com"]
[Source "ChessBase"]
[SourceQuality "1"]
[TimeControl "40/5400+30:1800+30"]

1. e4 c6 2. d4 d5 3. Nc3 dxe4 4. Nxe4 Nd7 5. Ng5 Ngf6 6. Bd3 e6 7. N1f3 Bd6 8. Qe2 h6 9. Ne4 Nxe4 10. Qxe4 Nf6 11. Qe2 b6 12. Bd2 Qc7 13. O-O-O Bb7 14. Ne5 O-O-O 15. Rhe1 Kb8 16. g3 Nd5 17. Kb1 Rhe8 18. Qg4 Bf8 19. Qh5 Re7 20. Qe2 Ka8 21. Be4 Ree8 22. Bf3 f6 23. Ng6 Bd6 24. Bh5 a5 25. Nh4 Re7 26. Ng6 Ree8 27. Nh4 Rf8 28. Qxe6 f5 29. Qe2 g5 30. Ng6 Rfe8 31. Ne5 Re7 32. Bg6 Rf8 33. Qh5 Rg7 34. Qxh6 Rf6 35. Qh8+ Ka7 36. Be8 Rf8 37. Qh5 Nf6 38. Qh6 Nxe8 39. Bxg5 Rfg8 40. Bf4 Rf8 41. Qe6 Re7 42. Qb3 Nf6 43. Ng6 Rxe1 44. Rxe1 Re8 45. Rxe8 Nxe8 46. Qe6 Bxf4 47. Nxf4 Qd8 48. c3 c5 49. Qxf5 cxd4 50. Qd3 Qe7 51. Qxd4 Nc7 52. Kc2 Qh7+ 53. Kd2 Qxh2 54. c4 Na6 55. Nd3 Qh5 56. g4 Qg5+ 57. Qf4 Qd8 58. Ke3 Qe8+ 59. Kd4 Qd7+ 60. Ke3 Qe6+ 61. Kd4 Qe2 62. Kc3 Nb4 63. Nxb4 Qe1+ 64. Kd4 Qxb4 65. b3 Qa3 66. Qd2 Bf3 67. Qf4 Qc5+ 68. Kc3 Qxf2 69. g5 Qe1+ 70. Kd4 Qa1+ 71. Kd3 Bb7 72. Qd2 Qb1+ 73. Kd4 Qe4+ 74. Kc3 Qe5+ 75. Kc2 Be4+ 76. Kd1 Bf3+ 77. Kc2 Be4+ 78. Kd1 Ka6 79. Ke2 Bf5+ 80. Kf2 Kb7 81. a3 Qh2+ 82. Ke1 Qg3+ 83. Ke2 Bg4+ 84. Kf1 Bh3+ 85. Ke2 Bg4+ 86. Kf1 Qxb3 87. Qd5+ Ka7 88. Qf7+ Ka6 89. g6 Bh5 90. Qf5 Qxc4+ 91. Kf2 Qc5+ 92. Qxc5 bxc5 93. g7 Bf7 94. a4 Kb6 0-1

[Event "XVII MetLife Najdorf Open 2017"]
[Site "Warsaw"]
[Date "2017.07.09"]
[Round "1.68"]
[White "Zylka, Stanislaw"]
[Black "Sliwicka, Alicja"]
[Result "1-0"]
[WhiteElo "2368"]
[BlackElo "2164"]
[Annotator "NA"]
[PlyCount "69"]
[EventDate "2017.??.??"]
[EventType "swiss"]
[EventCountry "POL"]
[SourceTitle "playchess.com"]
[Source "ChessBase"]
[SourceQuality "1"]
[TimeControl "40/5400+30:1800+30"]

1. c4 c5 2. Nf3 Nc6 3. d4 cxd4 4. Nxd4 Nf6 5. Nc3 e6 6. a3 Be7 7. e4 Qc7 8. Be3 a6 9. Be2 O-O 10. Rc1 Qb8 11. O-O Bd6 12. Kh1 b6 13. b4 Bb7 14. Nb3 Bc7 15. f4 d6 16. Qe1 Ne7 17. Nd2 d5 18. e5 Ne4 19. Ndxe4 dxe4 20. Qf2 Bc6 21. a4 Nf5 22. b5 axb5 23. axb5 Bb7 24. Bxb6 Bxb6 25. Qxb6 e3 26. c5 Bd5 27. Qxb8 Rfxb8 28. Rfd1 Bb3 29. Rd7 Kf8 30. b6 Ne7 31. Bf3 Ra5 32. c6 Nxc6 33. Bxc6 Rc5 34. Rc7 Rd8 35. Bf3 1-0

[Event "XVII MetLife Najdorf Open 2017"]
[Site "Warsaw"]
[Date "2017.07.09"]
[Round "1.69"]
[White "Pranav Vijay"]
[Black "Kosakowski, Jakub"]
[Result "0-1"]
[WhiteElo "2265"]
[BlackElo "2366"]
[Annotator "ChessBase"]
[PlyCount "88"]
[EventDate "2017.??.??"]
[EventType "swiss"]
[EventCountry "POL"]
[SourceTitle "playchess.com"]
[Source "ChessBase"]
[SourceQuality "1"]
[TimeControl "40/5400+30:1800+30"]

1. e4 c5 2. Nc3 d6 3. g3 Nc6 4. Bg2 g6 5. f4 Bg7 6. Nf3 e6 7. O-O Nge7 8. d3 O-O 9. h3 Rb8 10. a4 a6 11. g4 f5 12. Qe1 b5 13. axb5 axb5 14. Be3 Nd4 15. Bxd4 cxd4 16. Ne2 e5 17. gxf5 gxf5 18. Qb4 Ng6 19. fxe5 dxe5 20. exf5 Bxf5 21. Ra7 Kh8 22. Ng3 Be6 23. Ne4 Bd5 24. Qe1 Qb6 25. Rd7 Nf4 26. Rd6 Qc7 27. Nfg5 Nxg2 28. Kxg2 Qxd6 29. Rf3 Rxf3 30. Qh4 Qg6 31. Kxf3 Rf8+ 32. Ke2 Rf4 33. Qg3 Bxe4 34. dxe4 h6 35. h4 hxg5 36. hxg5 Qxe4+ 37. Kd2 Rf3 38. Qh2+ Kg8 39. Qe2 Qf4+ 40. Ke1 Qc1+ 41. Qd1 Re3+ 42. Kf2 Qxd1 43. g6 Qd2+ 44. Kf1 Re1# 0-1

[Event "XVII MetLife Najdorf Open 2017"]
[Site "Warsaw"]
[Date "2017.07.09"]
[Round "1.70"]
[White "Zujev, Oleg"]
[Black "Kubicka, Anna"]
[Result "1-0"]
[WhiteElo "2366"]
[BlackElo "2152"]
[Annotator "NA"]
[PlyCount "73"]
[EventDate "2017.??.??"]
[EventType "swiss"]
[EventCountry "POL"]
[SourceTitle "playchess.com"]
[Source "ChessBase"]
[SourceQuality "1"]
[TimeControl "40/5400+30:1800+30"]

1. d4 Nf6 2. c4 g6 3. Nc3 Bg7 4. e4 d6 5. f3 O-O 6. Be3 c5 7. Nge2 Nc6 8. d5 Ne5 9. Ng3 e6 10. Be2 exd5 11. cxd5 a6 12. a4 Rb8 13. O-O h5 14. h3 Re8 15. f4 Ned7 16. e5 h4 17. Nge4 Nxe4 18. Nxe4 dxe5 19. f5 Nf6 20. fxg6 fxg6 21. Nxf6+ Bxf6 22. Bxc5 Bf5 23. a5 Rc8 24. b4 e4 25. Ra3 Be5 26. d6 Qd7 27. Qd2 Rcd8 28. Qg5 Kg7 29. Bg4 Bxg4 30. hxg4 Qe6 31. Rh3 Bxd6 32. Rxh4 Bxc5+ 33. bxc5 Rh8 34. Rxh8 Rxh8 35. Rb1 Qf7 36. Qe5+ Kh6 37. Qxh8+ 1-0

[Event "XVII MetLife Najdorf Open 2017"]
[Site "Warsaw"]
[Date "2017.07.09"]
[Round "1.71"]
[White "Antolak, Julia"]
[Black "Nowak, Kamil"]
[Result "1/2-1/2"]
[WhiteElo "2144"]
[BlackElo "2362"]
[Annotator "ChessBase"]
[PlyCount "90"]
[EventDate "2017.??.??"]
[EventType "swiss"]
[EventCountry "POL"]
[SourceTitle "playchess.com"]
[Source "ChessBase"]
[SourceQuality "1"]
[TimeControl "40/5400+30:1800+30"]

1. e4 c5 2. Nf3 d6 3. d4 cxd4 4. Nxd4 Nf6 5. Nc3 Nc6 6. Bg5 e6 7. Qd2 a6 8. O-O-O h6 9. Be3 Be7 10. f3 Nxd4 11. Qxd4 e5 12. Qd2 Be6 13. Kb1 Rc8 14. g4 Qa5 15. a3 Rxc3 16. Qxc3 Qxc3 17. bxc3 d5 18. g5 hxg5 19. Bxg5 dxe4 20. Bxf6 Bxf6 21. fxe4 Rh4 22. Bd3 Be7 23. Kb2 g6 24. Rdf1 Kd7 25. Rf2 Kc6 26. c4 Bg5 27. Kc3 Bf4 28. Rg2 g5 29. Kb4 b6 30. c5 a5+ 31. Kc3 Kxc5 32. Rhg1 g4 33. Be2 Rh3+ 34. Bd3 Bxh2 35. Rxg4 Bxg1 36. Rxg1 Rf3 37. Rb1 Bc4 38. a4 f5 39. Re1 f4 40. Rh1 Be6 41. Rh7 Re3 42. Re7 Kd6 43. Rb7 Kc6 44. Re7 Kd6 45. Rb7 Kc6 1/2-1/2

[Event "XVII MetLife Najdorf Open 2017"]
[Site "Warsaw"]
[Date "2017.07.09"]
[Round "1.72"]
[White "Przedmojski, Rafal"]
[Black "Mis, Mieszko"]
[Result "1-0"]
[WhiteElo "2355"]
[BlackElo "2137"]
[Annotator "ChessBase"]
[PlyCount "163"]
[EventDate "2017.??.??"]
[EventType "swiss"]
[EventCountry "POL"]
[SourceTitle "playchess.com"]
[Source "ChessBase"]
[SourceQuality "1"]
[TimeControl "40/5400+30:1800+30"]

1. d4 d5 2. c4 c6 3. Nf3 Nf6 4. Nc3 dxc4 5. a4 Bf5 6. Ne5 Nbd7 7. Nxc4 Qc7 8. g3 e5 9. dxe5 Nxe5 10. Bf4 Nfd7 11. Nxe5 Nxe5 12. Bg2 Bd6 13. O-O O-O 14. Ne4 Bxe4 15. Bxe4 Rad8 16. Qc2 Ng6 17. Bg5 Be7 18. Be3 a5 19. Rfd1 Rxd1+ 20. Rxd1 Rd8 21. Kg2 Rxd1 22. Qxd1 Nf8 23. Qc2 h6 24. Qc4 Qe5 25. b3 Ne6 26. f4 Qd6 27. Bb6 Bd8 28. Bf2 Be7 29. Qc3 Qb4 30. Qxb4 Bxb4 31. Kf3 Kf8 32. Bc2 Ke7 33. h4 f6 34. h5 Bc5 35. e3 Bb4 36. Ke4 Nf8 37. Kd4 Kd6 38. Bf5 Bc5+ 39. Ke4 Ne6 40. Bxe6 Kxe6 41. g4 Bb4 42. Bh4 b5 43. Kd3 Kf7 44. Bf2 Ke6 45. e4 Kd6 46. Be3 Ke6 47. Bc1 Bd6 48. Bd2 Bc7 49. Bc3 Kf7 50. Ke3 Bb6+ 51. Kf3 Bc7 52. Bd4 Bd6 53. Bb6 Bb4 54. Bc7 Bc3 55. Ke3 Ke6 56. Kd3 Bb4 57. e5 fxe5 58. Bxe5 Kf7 59. Ke4 g6 60. Bc7 gxh5 61. gxh5 Bc3 62. Bb6 Bd2 63. Ke5 Bb4 64. Be3 bxa4 65. bxa4 Bc3+ 66. Kd6 Kf6 67. Kxc6 Kf5 68. Kd5 Bb4 69. Bc1 Bc3 70. Kd6 Kg4 71. Ke6 Kxh5 72. f5 Bb4 73. Bf4 Bf8 74. Bc7 Bb4 75. Bd8 Kg4 76. f6 h5 77. f7 Bf8 78. Bxa5 Kg5 79. Bd8+ Kg6 80. a5 Kg7 81. Bf6+ Kg6 82. a6 1-0